Everyday church : (Record no. 21361)

MARC details
000 -LEADER
fixed length control field 01232cam a2200361 a 4500
001 - CONTROL NUMBER
control field 17187590
003 - CONTROL NUMBER IDENTIFIER
control field OSt
005 - DATE AND TIME OF LATEST TRANSACTION
control field 20260313111928.0
008 - FIXED-LENGTH DATA ELEMENTS--GENERAL INFORMATION
fixed length control field 120229s2012 ilu b 001 0 eng
010 ## - LIBRARY OF CONGRESS CONTROL NUMBER
LC control number 2012006166
020 ## - INTERNATIONAL STANDARD BOOK NUMBER
International Standard Book Number 9781433532221
Qualifying information tp
035 ## - SYSTEM CONTROL NUMBER
System control number 17187590
040 ## - CATALOGING SOURCE
Original cataloging agency DLC
Transcribing agency DLC
042 ## - AUTHENTICATION CODE
Authentication code pcc
050 00 - LIBRARY OF CONGRESS CALL NUMBER
Classification number BS2795.53
Item number .C44 2012
082 00 - DEWEY DECIMAL CLASSIFICATION NUMBER
Classification number 227/.9207
Edition number 23
100 1# - MAIN ENTRY--PERSONAL NAME
Personal name Chester, Tim.
245 10 - TITLE STATEMENT
Title Everyday church :
Remainder of title Gospel communications on mission /
Statement of responsibility, etc. Tim Chester and Steve Timmis.
250 ## - EDITION STATEMENT
Edition statement North American ed.
260 ## - PUBLICATION, DISTRIBUTION, ETC. (IMPRINT)
Place of publication, distribution, etc. Wheaton, Ill. :
Name of publisher, distributor, etc. Crossway,
Date of publication, distribution, etc. c2012.
300 ## - PHYSICAL DESCRIPTION
Extent 173 p. ;
Dimensions 23 cm.
336 ## - CONTENT TYPE
Content type term text
Content type code txt
Source rdacontent
337 ## - MEDIA TYPE
Media type term unmediated
Media type code n
Source rdamedia
338 ## - CARRIER TYPE
Carrier type term volume
Carrier type code nc
Source rdacarrier
504 ## - BIBLIOGRAPHY, ETC. NOTE
Bibliography, etc Includes bibliographical references and index.
630 00 - SUBJECT ADDED ENTRY--UNIFORM TITLE
Uniform title Bible.
Name of part/section of a work Peter, 1st
Form subdivision Commentaries.
655 #7 - INDEX TERM--GENRE/FORM
Genre/form data or focus term Commentaries.
Source of term lcgft
Authority record control number https://id.loc.gov/authorities/genreForms/gf2025026014
700 1# - ADDED ENTRY--PERSONAL NAME
Personal name Timmis, Steve,
Dates associated with a name 1957-
906 ## - LOCAL DATA ELEMENT F, LDF (RLIN)
a 7
b cbc
c orignew
d 1
e ecip
f 20
g y-gencatlg
942 ## - ADDED ENTRY ELEMENTS (KOHA)
Source of classification or shelving scheme Library of Congress Classification
Koha item type General Collection
Holdings
Withdrawn status Lost status Source of classification or shelving scheme Not for loan Home library Current library Shelving location Date acquired Source of acquisition Inventory number Total Checkouts Full call number Barcode Date last seen Copy number Price effective from Koha item type
    Library of Congress Classification   Kabarak, Main Campus Kabarak, Main Campus General Stacks 13/03/2026 Donation 2025/3063   BS2795.53 .C44 2012 C.1 39014 13/03/2026 C.1 13/03/2026 General Collection
Designed with assistance from East African Informatics Ltd